banner-ar

مجلس الشعب المصرى / (Record no. 65637)

MARC details
000 -الفاتح
حقل البيانات ثابتة الطول 01052nam a22002657a 4500
005 - وقت وتاريخ اخر تعامل مع التسجيلة
رقم الضبط 20240530110835.0
008 - عناصر البيانات ثابتة الطول - معلومات عامة
حقل البيانات ثابتة الطول 191027s2008 ua a f b 000 0 ara d
017 ## - رقم الايداع القانونى
رقم الايداع القانونى 10175/2008
المصدر ( الهيئة المختصة) مصر. دار الكتب
020 ## - الرقم الدولى المعيارى للكتب
الرقم الدولى المعيارى للكتاب 9789774521225
040 ## - مصدر الفهرسة
وكالة الفهرسة الأصلية EG-CaGPL
وكالة النسخ EG-CaGPL
082 04 - رقم تصنيف ديوى العشرى
رقم الطبعة 21
رقم التصنيف 328.32062
رقم المادة ق/خ م
100 0# - المدخل الرئيسى - إسم شخصى
الإسم الشخصى خالد عزب
245 10 - بيان العنوان
العنوان مجلس الشعب المصرى /
بيان المسئوليه,etc تحرير واعداد خالد عزب ، محمود عزت ، احمد طاهر
260 ## - PUBLICATION, DISTRIBUTION, ETC. (IMPRINT)
تاريخ النشر أو التوزيع 2008
300 ## - الوصف المادى
التعداد 267 ص. :
تفاصيل ماديه اخرى للوعاء ايض ؛
أبعاد الوعاء 26 سم .
490 #0 - بيان السلسلة
عنوان السلسلة سلسلة ذاكرة مصر المعاصرة ؛
رقم المجلد/ التعيين التسلسلي 5
504 ## - تبصرة ببليوجرافية
تبصرة ببليوجرافية,الخ يشمل على ارجاعات ببليوجرافية
650 ## - المدخل الاضافى بالموضوع-مصطلح موضوعى
مصدر الرأس أو المصطلح qrmak
651 07 - المدخل الاضافى بالموضوع - اسم جغرافى
مصدر الرأس أو المصطلح qrmak
الاسم الجغرافي مصر
التقسيم الفرعي العام مجلس الشعب
651 07 - المدخل الاضافى بالموضوع - اسم جغرافى
الاسم الجغرافي مصر
التقسيم الفرعي العام الهيئات التشريعية
مصدر الرأس أو المصطلح qrmak
700 0# - المدخل الاضافى - اسم شخصى
الإسم الشخصى محمود عزت
الدور محرر ومعد
700 0# - المدخل الاضافى - اسم شخصى
الإسم الشخصى احمد طاهر
الدور محرر ومعد
942 ## - عناصر المدخل الإضافي( كوها)
مصدر التصنيف او مخطط الترفيف Dewey Decimal Classification
Koha [default] item type كتاب
260 ## - PUBLICATION, DISTRIBUTION, ETC. (IMPRINT)
-- الاسكندرية :
-- مكتبة الاسكندرية،
Holdings
حالة التراجع حالة الفقد حالة تلف ليس للاعارة المكان المؤقت الموقع الحالى موقع الترفيف تاريخ الاكتساب اجمالي اﻻعارات رقم الطلب الباركود تاريخ اخر مشاهدة تاريخ تفعيل السعر نوع وعاء كوها
        مكتبة القاهرة الكبرى مكتبة القاهرة الكبرى   10/27/2019   328.32062 ق / خ م 166685 10/27/2019 10/27/2019 كتاب

Powered By

EGPV